Planeación financiera estratégica (Registro nro. 2610)

Detalles MARC
000 -LEADER
fixed length control field 01481 a2200205 4500
001 - CONTROL NUMBER
control field 36092
005 - DATE AND TIME OF LATEST TRANSACTION
control field 20260407155638.0
008 - FIXED-LENGTH DATA ELEMENTS--GENERAL INFORMATION
fixed length control field 260407a arg spa d
003 - CONTROL NUMBER IDENTIFIER
control field AR-UNSa-BCEJYS
040 ## - CATALOGING SOURCE
Original cataloging agency AR-UNSa-BCEJYS
Language of cataloging spa
Transcribing agency AR-UNSa-BCEJYS
080 ## - UNIVERSAL DECIMAL CLASSIFICATION NUMBER
Universal Decimal Classification number 658.012.2
Common auxiliary subdivision Planificación. Programas. Planes. Medidas de apoyo a la planificación( Administración estratégica...)
020 ## - INTERNATIONAL STANDARD BOOK NUMBER
International Standard Book Number 968-26-0448-6
100 1# - MAIN ENTRY--PERSONAL NAME
Personal name Bierman, Harold, Jr.
245 10 - TITLE STATEMENT
Title Planeación financiera estratégica
Name of part/section of a work guía del administrador para mejorar los resultados expresados en utilidades
264 #1 - PRODUCTION, PUBLICATION, DISTRIBUTION, MANUFACTURE, AND COPYRIGHT NOTICE
Place of production, publication, distribution, manufacture México :
Name of producer, publisher, distributor, manufacturer CECSA (Compañia Editorial Continental)
300 ## - PHYSICAL DESCRIPTION
Extent 254 p.
Dimensions 23 cm.
505 ## - FORMATTED CONTENTS NOTE
Formatted contents note 1. Estrategia y toma de decisiones - 2. Las acciones comunes: Un amortiguador - 3. Pasivo: El amplificador - 4. El costo de capital promedio ponderado: Una mezcla - 5. Acciones preferentes: Una postura intermedia - 6. Caso hídrido: Las obligaciones convertibles - 7. Las distribuciones: dividendos y demás cosas - 8. El proceso de asignación: la estrategia de presupuesto de capital - 9. El casamiento: Fusiones y adquisiciones - 10. El problema concerniente a : estrategia financiera internacional - 11. El último renglón: las utilidades por acción - 12. El pasivo ligero: arrendamientos - 13. Una nueva dimensión: Administración del riesgo - 14. La cuarta dimensión: admistración de riesgo - 15. Estrategia; un estado mental.
590 ## - LOCAL NOTE (RLIN)
Local note niveau_biblio:m niveau_hierar:0
942 ## - ADDED ENTRY ELEMENTS (KOHA)
Koha item type
Existencias
Withdrawn status Lost status Damaged status Not for loan Home library Current library Shelving location Date acquired Total checkouts Full call number Barcode Date last seen Price effective from Koha item type
        Biblioteca Prof. Eusebio Cleto del Rey Biblioteca Prof. Eusebio Cleto del Rey   07/04/2026   658.012.2 B586 L39678 07/04/2026 07/04/2026 Libro
        Biblioteca Prof. Eusebio Cleto del Rey Biblioteca Prof. Eusebio Cleto del Rey   07/04/2026   658.012.2 B586 L39679 07/04/2026 07/04/2026 Libro